000 00263nam a22001097a 4500
008 170118b xxu||||| |||| 00| 0 eng d
020 _a9781437717112
041 _aeng
080 _27TH
_a618.2
245 _aPHARMACOLOGY/ A NURSING APPROACH
_cHAYES
942 _2udc
_cBK
999 _c3041
_d3041